| 000 | 00647nam a22001937a 4500 | ||
|---|---|---|---|
| 005 | 20251108173050.0 | ||
| 008 | 250721s2004 xx 000 0 ara d | ||
| 082 | 1 | 4 | _a810.2009/حنا |
| 100 | 1 | _aالحناحنة، محمد شلال | |
| 245 | 1 | 0 | _aالأدب الإسلامي تجلياته - واقعيته - آفاقه : (حوارات) / |
| 264 | 1 |
_aالقاهرة : _bهبة النيل العربية، _c2004. |
|
| 300 | _a196 ص. | ||
| 490 | 0 |
_aأصوات معاصرة _v124 |
|
| 650 | 1 | 7 | _aالأدب العربي |
| 650 | 1 | 7 | _aالعصر الإسلامي |
| 650 | 1 | 7 | _aالنقد الأدبي |
| 942 |
_2ddc _cBK |
||
| 999 |
_c95260 _d95260 |
||